00404nam a2200157Ia 45000030006000000050017000060080041000230400009000640410012000730820017000851000016001022450092001182500008002102600020002183000008002380Nust20170105110257.0161124s9999 xx 000 0 und d cIGIS aEnglish a526.982bSCH aToni Schenk aDigital Photogrametry Volime 1 Background Fundamentals Automatic Orientation Procedures a3ED aphot copyc1999 a422